[Event "Tournoi Skype 013B"]
[Site "Skype"]
[Date "????.??.??"]
[Round "7.6"]
[White "Talbot, Jacques"]
[Black "Gharbi, Said"]
[Result "1-0"]
[WhiteElo "1436"]
[BlackElo "1322"]
[PlyCount "75"]

1. e4 e5 2. Nf3 Nf6 3. Nxe5 Bd6 4. Nf3 Nxe4 5. Qe2 Qe7 6. d3 Nf6 7. Bg5 O-O 8.
Nc3 Qxe2+ 9. Bxe2 Nh5 10. O-O Bb4 11. Nd5 Bc5 12. Ne7+ Bxe7 13. Bxe7 Re8 14.
Nd4 Nf4 15. Rfe1 Rxe7 16. g3 Nh3+ 17. Kg2 d6 18. Bf3 Rxe1 19. Rxe1 Bd7 20. Bxb7
Nc6 21. Bxa8 Nxd4 22. Re7 Ba4 23. b3 Bb5 24. c4 Kf8 25. Rxc7 Be8 26. Kxh3 Ne6
27. Rxa7 Nc5 28. Be4 g6 29. Ra8 f6 30. Bc6 Nxd3 31. Bxe8 Nxf2+ 32. Kg2 Nd1 33.
Bxg6+ Kg7 34. Bh5 Ne3+ 35. Kf3 Nf5 36. Ra7+ Kh6 37. Bg4 Nd4+ 38. Ke4 1-0

[Event "Tournoi Skype 013B"]
[Site "Skype"]
[Date "????.??.??"]
[Round "7.7"]
[White "Sauvaget, Joel"]
[Black "Gerbaux, Regis"]
[Result "1-0"]
[WhiteElo "1344"]
[BlackElo "1421"]
[PlyCount "68"]

1. e4 c5 2. Nf3 d6 3. Bc4 e5 4. d3 Nf6 5. Ng5 Be6 6. Bxe6 fxe6 7. Nxe6 Qe7 8.
Nxf8 Qxf8 9. Nc3 a6 10. Bg5 Nbd7 11. O-O Qf7 12. f4 O-O 13. fxe5 dxe5 14. Nd5
Rae8 15. Nxf6+ Nxf6 16. Bxf6 gxf6 17. Rf5 Kh8 18. Qf3 Rg8 19. g3 Ref8 20. Rf1
Rg6 21. b3 Qg7 22. Rxe5 b6 23. Rf5 Rf7 24. e5 b5 25. Rxf6 Rfxf6 26. exf6 Qf7
27. Qc6 h5 28. Rf4 Qg8 29. Kg2 Qh7 30. Qxc5 h4 31. g4 Qf7 32. Qe7 Qd5+ 33. Qe4
Qxe4+ 34. Rxe4 Rxf6 1-0

[Event "Tournoi Skype 013B"]
[Site "Skype"]
[Date "????.??.??"]
[Round "7.8"]
[White "Vincent, Andre"]
[Black "Perrone, Gabriel Lorenzo"]
[Result "1-0"]
[WhiteElo "1343"]
[BlackElo "1399"]
[PlyCount "77"]

1. Nf3 Nf6 2. g3 d5 3. d4 b6 4. Bg2 e6 5. O-O Be7 6. b3 O-O 7. Bb2 Nbd7 8. Nc3
c5 9. e3 Qc7 10. a3 Bb7 11. Re1 Rfe8 12. Bf1 a5 13. Nb5 Qc8 14. Bd3 a4 15. Rc1
Ba6 16. c4 Qc6 17. Qc2 axb3 18. Qd1 dxc4 19. Bxc4 Bxb5 20. Bxb3 Ba4 21. Bxa4
Qxa4 22. Qd3 Qa6 23. Qxa6 Rxa6 24. Rc3 Ne4 25. Rc2 Ng5 26. Nxg5 Bxg5 27. f4 Be7
28. Ra1 Nf6 29. Kg2 h6 30. h3 Nd7 31. a4 g5 32. h4 gxh4 33. gxh4 Bxh4 34. Kh3
Be7 35. Rg2+ Kf8 36. Rag1 Nf6 37. dxc5 bxc5 38. Rg8+ Nxg8 39. Bg7# 1-0

[Event "Tournoi Skype 013B"]
[Site "Skype"]
[Date "????.??.??"]
[Round "7.9"]
[White "Milanese, Serge"]
[Black "Yeter, Orhan"]
[Result "1-0"]
[WhiteElo "1396"]
[BlackElo "1343"]
[PlyCount "51"]

1. e4 g6 2. Nf3 d6 3. Nc3 Nf6 4. Bc4 Bg7 5. d4 O-O 6. Be3 Bg4 7. Qd2 c6 8. Bh6
Ne8 9. Bxg7 Nxg7 10. Qh6 Bxf3 11. gxf3 Qb6 12. O-O-O a5 13. d5 c5 14. f4 f5 15.
Bd3 c4 16. exf5 Nxf5 17. Bxf5 Rxf5 18. Rhg1 Qxf2 19. Rxg6+ hxg6 20. Qxg6+ Kh8
21. Qxf5 Na6 22. Ne4 Qe3+ 23. Kb1 Qe2 24. Qh3+ Kg7 25. Rg1+ Kf8 26. Qh8+ 1-0

[Event "Tournoi Skype 013B"]
[Site "Skype"]
[Date "????.??.??"]
[Round "7.10"]
[White "Steenkamp, Brandt"]
[Black "Raheja, Shiv"]
[Result "1-0"]
[WhiteElo "1332"]
[BlackElo "1395"]
[PlyCount "49"]

1. e4 e5 2. Nf3 Nc6 3. Bc4 Bc5 4. b4 Bxb4 5. c3 Bc5 6. O-O Nf6 7. d4 exd4 8.
cxd4 Bb4 9. e5 Ne4 10. Qe2 Nc3 11. Nxc3 Bxc3 12. Bxf7+ Kxf7 13. Qc4+ d5 14.
Qxc3 Re8 15. Ng5+ Kg8 16. Qc2 g6 17. Qb2 Qe7 18. Nf3 Qg7 19. a4 Kh8 20. Qb3 Ne7
21. Bg5 c6 22. Bf6 Qxf6 23. exf6 Nf5 24. Qb4 b5 25. f7 1-0

[Event "Tournoi Skype 013B"]
[Site "Skype"]
[Date "????.??.??"]
[Round "7.11"]
[White "Vello, Pablo"]
[Black "Martin, Jean-Claude"]
[Result "1-0"]
[WhiteElo "1279"]
[BlackElo "1375"]
[PlyCount "71"]

1. e4 e5 2. Nf3 Nc6 3. Bb5 a6 4. Ba4 Nf6 5. Nc3 Bb4 6. O-O O-O 7. Re1 Re8 8. a3
Bxc3 9. dxc3 d6 10. Bxc6 bxc6 11. Bg5 h6 12. Bxf6 Qxf6 13. b4 Bg4 14. Qd3 Bxf3
15. Qxf3 Qxf3 16. gxf3 a5 17. c4 Reb8 18. c3 a4 19. Kg2 f6 20. h4 Kf7 21. Kg3
Rg8 22. f4 g5 23. fxg5 hxg5 24. h5 Rh8 25. Kg4 Rh6 26. Rh1 Ke6 27. Rad1 Rf8 28.
Rd3 f5+ 29. Kxg5 fxe4 30. Re3 Rff6 31. Rxe4 Rfg6+ 32. hxg6 Rxh1 33. f4 d5 34.
Rxe5+ Kd6 35. g7 Rg1+ 36. Kf6 1-0

[Event "Tournoi Skype 013B"]
[Site "Skype"]
[Date "????.??.??"]
[Round "7.13"]
[White "Rugman, Dan"]
[Black "Ramirez Reina, Orlando"]
[Result "1-0"]
[WhiteElo "1367"]
[BlackElo "1475"]
[PlyCount "93"]

1. e4 d6 2. d4 Nf6 3. Nc3 g6 4. f4 Bg7 5. Nf3 O-O 6. Be3 Ng4 7. Qd2 Nxe3 8.
Qxe3 c6 9. e5 dxe5 10. dxe5 Bg4 11. Bd3 Bxf3 12. Qxf3 e6 13. O-O-O Nd7 14. h4
Nc5 15. Bxg6 Qe7 16. Be4 Nxe4 17. Nxe4 f5 18. Nf2 Rad8 19. g4 Rd5 20. g5 Rfd8
21. h5 Qd7 22. h6 Bf8 23. Qg3 Bc5 24. Nd3 Qe7 25. Nxc5 Rxd1+ 26. Rxd1 Rxd1+ 27.
Kxd1 Qxc5 28. Qd3 Qd5 29. Kd2 Kf7 30. Qxd5 cxd5 31. Kd3 Kg6 32. Kd4 Kh5 33. Kc5
Kg4 34. Kd6 Kxf4 35. g6 hxg6 36. h7 Ke4 37. h8=Q f4 38. Qh1+ f3 39. Kxe6 g5 40.
Qe1+ Kf4 41. Kxd5 g4 42. e6 g3 43. e7 g2 44. Qg1 Kg3 45. e8=Q f2 46. Qg8+ Kf3
47. Q8xg2+ 1-0

[Event "Tournoi Skype 013B"]
[Site "Skype"]
[Date "????.??.??"]
[Round "7.15"]
[White "Coruble, Didier"]
[Black "Hargez, Dany"]
[Result "0-1"]
[WhiteElo "1355"]
[BlackElo "1418"]
[PlyCount "20"]

1. e4 d5 2. c3 e5 3. Bd3 Nf6 4. exd5 Qxd5 5. Qf3 e4 6. c4 Qc6 7. Qe2 Bc5 8. f3
O-O 9. Bc2 Re8 10. Nc3 exf3 0-1

[Event "Tournoi Skype 013B"]
[Site "Skype"]
[Date "????.??.??"]
[Round "7.16"]
[White "Douichi, Mohammed"]
[Black "Vervoort, Jean-Louis"]
[Result "0-1"]
[WhiteElo "1399"]
[BlackElo "1262"]
[PlyCount "56"]

1. e4 e5 2. Qh5 Nc6 3. Bc4 g6 4. Qf3 Nh6 5. Nh3 Bd6 6. Ng5 O-O 7. Qh3 Qxg5 8.
f3 Bc5 9. Nc3 d6 10. g4 Be6 11. Qg2 Bxc4 12. h3 Qh4+ 13. Kd1 b5 14. g5 b4 15.
d3 Be6 16. Na4 Nd4 17. gxh6 Qh5 18. Rf1 Bxh3 19. Qg1 Bxf1 20. Qxf1 Nxf3 21.
Nxc5 dxc5 22. Be3 Nh2+ 23. Kc1 Nxf1 24. Bxc5 Qe2 25. b3 Rfd8 26. Bxb4 Rab8 27.
Bc3 Ne3 28. Bxe5 Qxc2# 0-1

[Event "Tournoi Skype 013B"]
[Site "Skype"]
[Date "????.??.??"]
[Round "7.17"]
[White "Battaglia, Gabriele"]
[Black "Karia, Kirti"]
[Result "1-0"]
[WhiteElo "1246"]
[BlackElo "1399"]
[PlyCount "53"]

1. d4 d5 2. Nf3 Nc6 3. e3 Bf5 4. Bd3 Bg4 5. h3 Bxf3 6. Qxf3 Nf6 7. O-O e5 8.
dxe5 Nxe5 9. Qe2 Bc5 10. Nc3 d4 11. exd4 Qxd4 12. Be3 Qb4 13. Bxc5 Qxc5 14. Qe3
Qd6 15. f4 Nfd7 16. fxe5 Nxe5 17. Qe4 O-O-O 18. Kh1 Rde8 19. Qd5 Qb4 20. Rab1
c6 21. a3 Qb6 22. Na4 Qc7 23. Qb3 Nxd3 24. Qxd3 Rd8 25. Qb3 f6 26. Nc5 b6 27.
Ne6 1-0

[Event "Tournoi Skype 013B"]
[Site "Skype"]
[Date "????.??.??"]
[Round "7.20"]
[White "Lecluyse, Koenraad"]
[Black "Capdeville, Jean"]
[Result "1/2-1/2"]
[WhiteElo "1173"]
[BlackElo "1384"]
[PlyCount "119"]

1. d4 d5 2. Nf3 e6 3. Bf4 Bd6 4. Bg3 Bxg3 5. fxg3 Nc6 6. e3 a6 7. Bd3 h6 8. a4
Nb4 9. O-O Nxd3 10. Qxd3 Ne7 11. c3 O-O 12. Nbd2 Bd7 13. g4 Ng6 14. Nb3 Nh4 15.
Nc5 Bc6 16. a5 Nxf3+ 17. Rxf3 Bb5 18. Qc2 b6 19. Nb3 Bc4 20. Nd2 Be2 21. Rf2
Bxg4 22. h3 Bh5 23. Rf4 Bg6 24. Qd1 f5 25. b4 b5 26. Nf3 c6 27. Ne5 Qe8 28. Qf3
h5 29. Qg3 Rf6 30. h4 Bh7 31. Re1 g6 32. Qf3 Ra7 33. Rc1 Rb7 34. Qe2 Rf8 35. c4
bxc4 36. Qa2 Kg7 37. Qa4 Rc7 38. Nf3 Qe7 39. Ne1 g5 40. hxg5 Qxg5 41. Rf1 h4
42. Qd1 h3 43. Rc2 Bg6 44. Nf3 Qg3 45. Qe1 Qxe1 46. Rxe1 Rh8 47. Rf1 Kf6 48.
Ne5 Rh6 49. Rf3 Be8 50. Rxh3 Rxh3 51. gxh3 Rh7 52. Kh2 f4 53. exf4 Kf5 54. Rf2
Ke4 55. Nf3 Kxf4 56. Ne1+ Ke3 57. Rf3+ Ke2 58. Rf6 Kxe1 59. Rxe6+ Kd2 60. Rxe8
1/2-1/2

[Event "Tournoi Skype 013B"]
[Site "Skype"]
[Date "????.??.??"]
[Round "7.22"]
[White "Coude, Josue"]
[Black "Porcabeuf, Jean-Marc"]
[Result "0-1"]
[WhiteElo "1066"]
[BlackElo "1332"]
[PlyCount "67"]

1. e4 e6 2. Nf3 d5 3. d3 c5 4. Nc3 a6 5. Be3 Nc6 6. g3 d4 7. Bg5 f6 8. Bh4 dxc3
9. bxc3 e5 10. Qb1 Nge7 11. Ng1 Ng6 12. Bh3 b5 13. c4 Bxh3 14. Nxh3 bxc4 15.
dxc4 Be7 16. Qb7 Nd4 17. Rc1 Nxh4 18. gxh4 O-O 19. Rg1 Nf3+ 20. Ke2 Nxg1+ 21.
Rxg1 Rf7 22. Rd1 Bd6 23. Qd5 Qc7 24. Qxa8+ Rf8 25. Qd5+ Kh8 26. Rg1 f5 27. Ng5
fxe4 28. Ne6 Qf7 29. Nxf8 Qxd5 30. cxd5 Bxf8 31. h5 h6 32. c4 Kg8 33. Rb1 Kf7
34. Rb7+ 0-1

[Event "Tournoi Skype 013B"]
[Site "Skype"]
[Date "????.??.??"]
[Round "7.24"]
[White "Lequeux, Pierre"]
[Black "Amato, Ludovica"]
[Result "0-1"]
[WhiteElo "1232"]
[BlackElo "1199"]
[PlyCount "56"]

1. e4 e5 2. Nf3 Nc6 3. Nc3 Nf6 4. Bc4 d5 5. exd5 Nxd5 6. Bxd5 Ne7 7. Ng5 Nxd5
8. Nxd5 Qxd5 9. Nf3 e4 10. Nh4 Be7 11. g3 e3 12. Rg1 exf2+ 13. Kxf2 Be6 14. b3
Qd4+ 15. Kf1 Qxa1 16. a3 Bxa3 17. Qf3 Qxc1+ 18. Kg2 Qxd2+ 19. Kh1 Bd5 20. Rg2
Qe1+ 21. Rg1 Bxf3+ 22. Nxf3 Qe4 23. Rf1 Qe2 24. Re1 Qe7 25. Rxe7+ Kxe7 26. Nd4
Bb2 27. Nb5 c6 28. Nc7 Rac8 0-1

[Event "Tournoi Skype 013B"]
[Site "Skype"]
[Date "????.??.??"]
[Round "7.25"]
[White "Bustos, Ricardo"]
[Black "Talbot, Jean"]
[Result "1-0"]
[WhiteElo "1399"]
[BlackElo "1009"]
[PlyCount "47"]

1. d4 d5 2. c4 e6 3. Nf3 dxc4 4. Nc3 Nf6 5. e3 Bd6 6. Bxc4 O-O 7. O-O Ng4 8. h3
Nh2 9. Nxh2 Qh4 10. Nf3 Qh5 11. e4 e5 12. dxe5 Bxe5 13. Nxe5 Qxe5 14. Be3 Nc6
15. Qd2 Rd8 16. Qc2 Nb4 17. Qb3 a5 18. a3 Nc6 19. Rad1 h6 20. Bxf7+ Kf8 21.
Rxd8+ Nxd8 22. Bg6 Be6 23. Qb5 Qd6 24. Qe8# 1-0

[Event "Tournoi Skype 013B"]
[Site "Skype"]
[Date "????.??.??"]
[Round "7.26"]
[White "Lemoine, Gerard"]
[Black "Prasad, Sanjay"]
[Result "1-0"]
[WhiteElo "1077"]
[BlackElo "1312"]
[PlyCount "57"]

1. d4 d5 2. f4 e6 3. e3 Nf6 4. Bd3 Nc6 5. c3 a6 6. Nd2 Be7 7. h3 h6 8. Ngf3 b5
9. a3 a5 10. b4 axb4 11. cxb4 Bb7 12. Bxb5 O-O 13. O-O Bxb4 14. Ne5 Qd6 15.
Nxc6 Bxc6 16. Bxc6 Bxd2 17. Bxa8 Bxc1 18. Qxc1 Rxa8 19. Qb2 Ne4 20. Ra2 c5 21.
Rfa1 cxd4 22. exd4 Qxf4 23. Qe2 Ng3 24. Qf3 Qxd4+ 25. Kh2 Nf5 26. Qd1 Qe5+ 27.
Kg1 Ne3 28. Qf3 d4 29. Qxa8+ 1-0

[Event "Tournoi Skype 013B"]
[Site "Skype"]
[Date "????.??.??"]
[Round "7.27"]
[White "Paquay, Renaud"]
[Black "Pedneault, Anne-Frederique"]
[Result "1-0"]
[WhiteElo "1177"]
[BlackElo "1038"]
[PlyCount "58"]

1. c4 e5 2. Nf3 Nc6 3. Nc3 Nf6 4. d3 Bb4 5. Bd2 O-O 6. e4 Bxc3 7. Bxc3 d6 8. h3
Be6 9. Qb3 b6 10. Be2 Re8 11. O-O Ne7 12. Ng5 Ng6 13. Bd2 h6 14. Nxe6 Rxe6 15.
Qd1 Nh4 16. g3 Ng6 17. Be3 Qd7 18. Rc1 Re7 19. Kh2 c5 20. Rg1 b5 21. cxb5 Qxb5
22. d4 Qxb2 23. dxc5 Nxe4 24. Qd5 Qxe2 25. Qxa8+ Kh7 26. Qxe4 dxc5 27. Rxc5
Qxa2 28. Rg2 a5 29. f4 Qb3 1-0

[Event "Tournoi Skype 013B"]
[Site "Skype"]
[Date "????.??.??"]
[Round "7.28"]
[White "Rival, Jocelyn"]
[Black "Armingaud, Jean-Claude"]
[Result "1-0"]
[WhiteElo "1071"]
[BlackElo "1150"]
[PlyCount "59"]

1. e4 d6 2. Nf3 Nf6 3. Bb5+ Nc6 4. Bxc6+ bxc6 5. e5 dxe5 6. Nxe5 Qd5 7. Nf3 Bg4
8. h3 Qe4+ 9. Kf1 Bxf3 10. gxf3 Qc4+ 11. d3 Qa6 12. Bg5 O-O-O 13. Nc3 c5 14.
Ne4 Qb5 15. Nc3 c4 16. Nxb5 cxd3 17. Nxa7+ Kb7 18. Be3 e6 19. cxd3 Be7 20. Qb3+
Ka8 21. Nc6 Rd7 22. Ne5 Rd5 23. Nxf7 Rb8 24. Qa4+ Kb7 25. Ng5 h6 26. Nxe6 Rxd3
27. Qa7+ Kc8 28. Bc1 Rd1+ 29. Kg2 Rd6 30. Nxg7 1-0

[Event "Tournoi Skype 013B"]
[Site "Skype"]
[Date "????.??.??"]
[Round "7.29"]
[White "Baker, Abi"]
[Black "Farthouat, Catherine"]
[Result "0-1"]
[WhiteElo "1118"]
[BlackElo "1018"]
[PlyCount "52"]

1. c4 Nf6 2. Nc3 g6 3. d3 Bg7 4. e4 e5 5. Be3 O-O 6. Nge2 Nc6 7. Qd2 Ng4 8. h3
Nxe3 9. Qxe3 Nd4 10. Kd2 Qh4 11. g3 Qh5 12. Bg2 d6 13. Raf1 Bh6 14. f4 f5 15.
h4 fxe4 16. g4 Qxg4 17. Bxe4 Ne6 18. Rfg1 Qh5 19. Rg2 Nxf4 20. Bd5+ Nxd5 21.
Nf4 Bxf4 22. Rxg6+ hxg6 23. Rf1 Bxe3+ 24. Ke1 Rxf1+ 25. Kxf1 Qxh4 26. Nxd5 Qf2#
0-1

[Event "Tournoi Skype 013B"]
[Site "Skype"]
[Date "????.??.??"]
[Round "7.30"]
[White "Gagnon, Sindy"]
[Black "Melin, Christiane"]
[Result "1-0"]
[WhiteElo "1000"]
[BlackElo "1236"]
[PlyCount "77"]

1. d4 d5 2. Nf3 Nc6 3. e3 e6 4. Bd3 Nb4 5. c3 Nc6 6. O-O Bd7 7. Nbd2 Nge7 8. e4
Ng6 9. exd5 Bd6 10. dxe6 Bxe6 11. Ne4 Bd7 12. Re1 O-O 13. Bg5 Qe8 14. d5 Nce7
15. b4 Nxd5 16. Qb3 Ne5 17. Qxd5 c6 18. Qd4 c5 19. bxc5 h6 20. Bd2 Bc7 21. c6
Bh3 22. gxh3 Nxf3+ 23. Kf1 Nxd4 24. cxd4 Rd8 25. cxb7 Bxh2 26. Kg2 Bc7 27. Bb4
Rxd4 28. Bb5 Rxb4 29. Bxe8 Rxe8 30. Rec1 Rb8 31. Rxc7 Rxe4 32. f3 Re2+ 33. Kg3
g5 34. Kg4 Kf8 35. Rh1 Ke8 36. Rg1 Kd8 37. Rxf7 Ke8 38. Rh7 Rxb7 39. Rxb7 1-0

[Event "Tournoi Skype 013B"]
[Site "Skype"]
[Date "????.??.??"]
[Round "7.32"]
[White "Kruk, Clementine"]
[Black "Marty, Yvette"]
[Result "1-0"]
[WhiteElo "1199"]
[BlackElo "1000"]
[PlyCount "93"]

1. e4 e5 2. Nf3 Nc6 3. Bc4 Bc5 4. Nc3 d6 5. h3 Nf6 6. d3 O-O 7. Bg5 Qd7 8. Nd5
Nxd5 9. Bxd5 Nd4 10. Qd2 Nxf3+ 11. gxf3 c6 12. Bc4 b5 13. Bb3 Bb7 14. Rg1 g6
15. Bh6 Qxh3 16. Bxf8 Rxf8 17. Rg3 Qd7 18. Qh6 Re8 19. Rh3 Bb4+ 20. c3 Bc5 21.
Qxh7+ Kf8 22. Qh8+ Ke7 23. Qg7 Rf8 24. Kd2 Qxh3 25. Rg1 Qxf3 26. Ke1 Qxd3 27.
Rg3 Qb1+ 28. Bd1 Qxe4+ 29. Kd2 Bxf2 30. Bg4 Bxg3 31. Be6 Bf4+ 32. Kd1 Qb1+ 33.
Ke2 Kxe6 34. Qxf8 Qxb2+ 35. Kf3 Bd2 36. Qe8+ Kd5 37. Qxf7+ Kc5 38. Qxb7 Qxa2
39. Qg7 g5 40. Ke4 Qb1+ 41. Kf3 Bxc3 42. Qxg5 Qf1+ 43. Kg4 Qe2+ 44. Kf5 Bd2 45.
Qg1+ Be3 46. Qa1 Bd2 47. Qa3+ 1-0